000 01446nam0a2200325 4500
001 RU\NLR\bibl\1253021
005 20250615124510.0
010 _a978-5-93098-041-7
_91000
021 _aRU
_b2008-39643
_92185
035 _a(NLR Aleph) 001239087
090 _a247237
_c247237
100 _a20080716d2008 |||y0rusy50 ca
101 0 _arus
102 _aRU
105 _aa |||||||||
200 1 _aФормирование и развитие малого педпринимательства в АПК
_fГужина Галина Николаевна
210 _aМосква
_c[б.и.]
_d2008
215 _a219 с.
_cил.
_d21
300 _aЗагл. обл.: Формирование и развитие предпринимательства в АПК
320 _aБиблиогр.: с. 199-212 (170 назв.)
512 1 _6z17790
_aФормирование и развитие предпринимательства в АПК
606 1 _aАгропромышленные комплексы
_xПредпринимательство малое
_yРоссийская Федерация
_92368923
_3RU\NLR\auth\661414078
686 _aУ32(2)-13(2Р)
700 1 _aГужина
_bГ. Н.
_gГалина Николаевна
_4070
790 1 _6z17512
_aГужина
_bГ. Н.
_gГалина Николаевна
_4070
801 0 _aRU
_bNLR
_c20080716
_gRCR
801 1 _aRU
_bNLR
_c20080716
942 _cBOOK
980 _aNB